00508cam a22001812 4500001001100000005001700011008004100028020002800069040001500097050001700112100003300129245003400162260003300196300001800229650003900247650003700286852000300323000000575620151021151106.0070716s xx 000 0 eng d a9966712143 :cKES 2,600 aKABUcKABU 0aKSK856b.L351 aLaibuta, Kibaya.@000015695910aPrinciples of commercial law. aNairobi :bLawAfrica,c2006. axlvii, 490 p. 0aCommercial lawzKenya.@0000153411 0aBusiness lawzKenya.@00001569601